000 00817nam a22002177a 4500
999 _c63322
_d63322
005 20240530110634.0
008 170919s2015 ua a g 000 0 ara d
017 _a5815
_bمصر. دار الكتب
020 _a9789773686093
040 _aEG-CaGPL
_cEG-CaGPL
082 0 4 _221
_a379.15\
_bأ ت
100 _aاحمد محمد الجارحى .
245 1 2 _aالتخطيط الاستراتيجى فى الاسلام و تطبيقاته فى المؤسسات التربوية /
_cتاليف احمد محمد الجارحى .
250 _aط.1
260 _aالاسكندرية :
_bمؤسسة حورس الدولية ،
_c2015 .
300 _a152 ص ؛
_c24 سم .
650 0 7 _2qrmak
_aالتخطيط التربوى .
651 _2qrmak
942 _2ddc
_cBK